|
|
|
|
| LEADER |
02775nam a2200685 ia4500 |
| 001 |
nkc20243625602 |
| 003 |
CZ PrNK |
| 005 |
20260312085005.0 |
| 007 |
ta |
| 008 |
240806m20249999xr a g f 000 0 slo |
| 015 |
|
|
|a cnb003625602
|
| 020 |
|
|
|a 978-80-252-5855-2
|q (1 ;
|q vázáno)
|
| 020 |
|
|
|a 978-80-252-6295-5
|q (2 ;
|q vázáno)
|
| 020 |
|
|
|a 978-80-252-5853-8
|q (3 ;
|q vázáno)
|
| 035 |
|
|
|a (OCoLC)1455301906
|
| 040 |
|
|
|a OLA001
|b cze
|d BOA001
|e rda
|
| 041 |
1 |
|
|a slo
|h eng
|
| 072 |
|
7 |
|a 795
|x Elektronické hry
|2 Konspekt
|9 20
|
| 080 |
|
|
|a 795
|2 MRF
|
| 080 |
|
|
|a 794.05
|2 MRF
|
| 080 |
|
|
|a (035)
|2 MRF
|
| 100 |
1 |
|
|a McBrien, Thomas
|7 jo20201094589
|4 aut
|
| 240 |
1 |
0 |
|a Minecraft bite-size builds.
|l Slovensky
|
| 245 |
1 |
0 |
|a Minecraft.
|p Stavebné chuťovky : viac ako 20 vzrušujúcich miniprojektov /
|c z anglického originálu ... preložil Jaroslav Brožina
|
| 246 |
3 |
0 |
|a Stavebné chuťovky
|
| 250 |
|
|
|a Druhé vydanie
|
| 264 |
|
1 |
|a Praha :
|b Albatros Media a.s.,
|c 2024-
|
| 264 |
3 |
1 |
|3 2026-
|a Praha :
|b Alicanto
|
| 300 |
|
|
|a ^^^svazků :
|b barevné ilustrace ;
|c 22 cm
|
| 336 |
|
|
|a text
|b txt
|2 rdacontent
|
| 336 |
|
|
|a statický obraz
|b sti
|2 rdacontent
|
| 337 |
|
|
|a bez média
|b n
|2 rdamedia
|
| 338 |
|
|
|a svazek
|b nc
|2 rdacarrier
|
| 500 |
|
|
|a Podnázev 2. dílu: viac ako 20 úžasných miniprojektov
|
| 500 |
|
|
|a Podnázev 3. dílu: viac ako 20 epických miniprojektov
|
| 500 |
|
|
|a Pod názvem: Mojang Studios
|
| 505 |
1 |
|
|a [1]. 2024. 93 stran -- 2. 2026. 93 stran -- 3 / napísal Tom McBrien. 2024. 91 stran
|
| 521 |
8 |
|
|a Pro děti od 8 let
|
| 546 |
|
|
|a Slovenský text
|
| 630 |
0 |
7 |
|a Minecraft (videohra)
|7 unn20201096901
|2 czenas
|
| 650 |
0 |
7 |
|a počítačové hry
|7 ph124512
|2 czenas
|
| 650 |
0 |
7 |
|a strategie her
|7 ph135592
|2 czenas
|
| 650 |
0 |
9 |
|a computer games
|2 eczenas
|
| 650 |
0 |
9 |
|a game strategy
|2 eczenas
|
| 655 |
|
7 |
|a příručky
|7 fd133209
|2 czenas
|
| 655 |
|
9 |
|a handbooks and manuals
|2 eczenas
|
| 700 |
1 |
|
|a Brožina, Jaroslav
|7 jo20201090430
|4 trl
|
| 710 |
2 |
|
|a Mojang Studios
|7 mzk20211117741
|4 cre
|
| 710 |
2 |
|
|a Albatros Media (firma)
|7 pna2010540680
|4 pbl
|
| 710 |
2 |
|
|a Alicanto (nakladatelství)
|7 xx0341991
|4 pbl
|
| 765 |
1 |
|
|t Minecraft amazing bite-size builds
|9 Slovensky
|
| 765 |
1 |
|
|t Minecraft super bite-size builds
|9 Slovensky
|
| 910 |
2 |
|
|a BOA001
|b 2-1529.159
|s 1-3
|
| 928 |
9 |
|
|a Albatros Media - Alicanto
|
| 990 |
|
|
|a BK
|
| 995 |
|
|
|a 01
|
| 991 |
|
|
|b 202601
|c NOV
|
| 996 |
6 |
|
|b 2610976920
|c 2-1529.159
|d 1
|v 1
|l MZK
|r Sklad / do 1 hodiny
|n 0
|p p.v.
|w 001973420
|u 000010
|a 1
|e BOA001
|j MZK50
|s P
|
| 996 |
6 |
|
|b 2610976921
|c 2-1529.159
|d 3
|v 3
|l MZK
|r Sklad / do 1 hodiny
|n 0
|p p.v.
|w 001973420
|u 000020
|a 1
|e BOA001
|j MZK50
|s P
|
| 996 |
6 |
|
|b 2611023605
|c 2-1529.159
|d 2
|v 2
|l MZK
|r Sklad / do 1 hodiny
|n 0
|p p.v.
|w 001973420
|u 000030
|a 1
|e BOA001
|j MZK50
|s P
|